000 00486nam a2200169 i 4500
001 26452
003 ES-MaACL
005 20250721063430.0
007 t|
008 030109s1978 sp ||||1| spa d
100 1 _aArtola, Miguel,
_d1923-2020
_923497
245 1 0 _aAntiguo régimen y revolución liberal /
_cMiguel Artola.
260 _aBarcelona, etc. :
_bAriel,
_c[1978]
300 _a318 p. ;
_c22 cm.
852 _aES-MaACL
_jA-10591
_bR.99788
999 _c26452
_d26452